[Event "GER-ch 89th"]
[Site "Dresden"]
[Date "2018.08.10"]
[Round "8"]
[White "Svane, Frederik"]
[Black "Mueller, Nick"]
[Result "0-1"]
[WhiteElo "2292"]
[BlackElo "2313"]
[EventDate "2018.08.03"]
[PlyCount "134"]

1. e4 e5 2. Nf3 Nc6 3. Bb5 a6 4. Ba4 Nf6 5. O-O Nxe4 6. d4 b5 7. Bb3 d5 8. dxe5 Be6 9. Nbd2 Nc5 10. c3 Be7 11. Bc2 d4 12. Nb3 d3 13. Bb1 Nxb3 14. axb3 Bf5 15. Be3 O-O 16. Bd4 Qd5 17. Bxd3 Bxd3 18. Qxd3 Qxb3 19. Qe4 Qe6 20. Be3 Qg6 21. Qxg6 hxg6 22. Rfe1 Rfe8 23. h4 a5 24. g3 a4 25. Bf4 Ra7 26. e6 Bf6 27. exf7+ Kxf7 28. Ng5+ Bxg5 29. hxg5 Rxe1+ 30. Rxe1 Na5 31. Be3 Ra6 32. Bc5 Re6 33. Rd1 Ke8 34. Kf1 Re5 35. Be3 Nc4 36. Bc1 c6 37. f4 Re7 38. Kf2 Re6 39. Kf3 Ke7 40. g4 Rd6 41. Re1+ Kf7 42. Kf2 Rd3 43. f5 gxf5 44. gxf5 Rd5 45. f6 gxf6 46. gxf6 Kxf6 47. Rh1 Ke6 48. Ke2 Kd6 49. Bf4+ Kc5 50. Bc1 Rf5 51. Rh2 Rd5 52. Rh3 Ne5 53. Rh4 Nd3 54. Be3+ Kd6 55. Rh6+ Kd7 56. Rh7+ Ke8 57. Rh8+ Kf7 58. Rh7+ Kg8 59. Rh6 c5 60. c4 bxc4 61. Rb6 Rh5 62. Kd2 Rh3 63. Bh6 Nxb2 64. Rxb2 c3+ 65. Kc2 cxb2 66. Bf4 a3 67. Bd6 Rh1 0-1

[Event "GER-ch 89th"]
[Site "Dresden"]
[Date "2018.08.10"]
[Round "8"]
[White "Syrov, Arkadi"]
[Black "Fischer, Sebastian"]
[Result "0-1"]
[WhiteElo "2295"]
[BlackElo "2292"]
[EventDate "2018.08.03"]
[PlyCount "104"]

1. e4 d5 2. exd5 Qxd5 3. Nc3 Qa5 4. d4 Nf6 5. Nf3 Bf5 6. Ne5 c6 7. Bc4 e6 8. g4 Bg6 9. h4 Nbd7 10. Nxd7 Nxd7 11. Bd2 h5 12. d5 Ne5 13. Bb3 hxg4 14. Ne4 Qa6 15. Ng5 cxd5 16. Bc3 Bd6 17. Qd4 f6 18. O-O-O fxg5 19. Rhe1 O-O-O 20. Rxe5 Bxe5 21. Qxe5 gxh4 22. Qxg7 Rhg8 23. Qe7 h3 24. Be5 Qc6 25. c3 Rd7 26. Qb4 Qb6 27. Qf4 Be8 28. Bd4 Qd8 29. Bxa7 Qg5 30. Be3 Qxf4 31. Bxf4 Rf7 32. Bg3 Bb5 33. Re1 Kd7 34. Bd1 Bd3 35. Kd2 Be4 36. Ke3 Rgf8 37. f4 gxf3 38. Kf2 Rg8 39. Rh1 Rh7 40. Rh2 e5 41. Ba4+ Ke6 42. Bb5 Kf5 43. Bf1 Rgh8 44. Ke3 Rh5 45. Bb5 Rd8 46. Rf2 d4+ 47. cxd4 exd4+ 48. Kd2 Kg4 49. Bc7 Rxb5 50. Bxd8 Rxb2+ 51. Ke1 Rxf2 52. Kxf2 h2 0-1

[Event "GER-ch 89th"]
[Site "Dresden"]
[Date "2018.08.11"]
[Round "9"]
[White "Adiyaman, Rene"]
[Black "Rehberg, Raphael"]
[Result "0-1"]
[WhiteElo "2097"]
[BlackElo "2234"]
[EventDate "2018.08.03"]
[PlyCount "112"]

1. e4 c5 2. c3 Nf6 3. e5 Nd5 4. d4 cxd4 5. Nf3 e6 6. cxd4 b6 7. Bc4 Bb7 8. O-O Qc7 9. Qe2 h6 10. Bd2 Bc6 11. Rc1 Qb7 12. Bb5 Be7 13. Bxc6 Nxc6 14. Nc3 Nxc3 15. Rxc3 Nb4 16. Ne1 Nd5 17. Qe4 Bb4 18. Rc2 Bxd2 19. Rxd2 O-O-O 20. Rc1+ Kb8 21. Rdc2 Rc8 22. Nd3 Rxc2 23. Rxc2 Rc8 24. Rxc8+ Qxc8 25. a3 Ne7 26. g3 Qc6 27. Qf4 Nf5 28. Nb4 Qc4 29. d5 Qxf4 30. gxf4 a5 31. dxe6 dxe6 32. Nc2 Kc7 33. Kf1 Kc6 34. Ke2 Kd5 35. Kd3 g5 36. Ne3+ Nxe3 37. fxe3 gxf4 38. exf4 a4 39. h3 h5 40. h4 b5 41. Ke3 Kc4 42. f5 Kb3 43. Kf4 Kxb2 44. Kg5 b4 45. axb4 a3 46. Kf6 a2 47. Kxf7 a1=Q 48. f6 Kc3 49. Kxe6 Kd4 50. f7 Qa4 51. Kf6 Qb5 52. Kg6 Qxb4 53. e6 Ke5 54. Kg7 Kxe6 55. f8=Q Qxf8+ 56. Kxf8 Kf5 0-1

[Event "GER-ch 89th"]
[Site "Dresden"]
[Date "2018.08.11"]
[Round "9"]
[White "Brustkern, Juergen"]
[Black "Plassmann, Dominik"]
[Result "1-0"]
[WhiteElo "2219"]
[BlackElo "2186"]
[EventDate "2018.08.03"]
[PlyCount "93"]

1. e4 c5 2. d3 Nc6 3. f4 d6 4. Nf3 Nf6 5. Be2 e6 6. O-O Be7 7. Qe1 O-O 8. Kh1 Rb8 9. a4 a6 10. Nc3 Nb4 11. Bd1 d5 12. e5 Ne8 13. d4 Nc6 14. Ne2 b5 15. axb5 axb5 16. Be3 c4 17. c3 b4 18. Bc2 Qb6 19. g4 Bd7 20. Qg3 bxc3 21. bxc3 Qb2 22. Rfc1 f5 23. exf6 Nxf6 24. Qh3 Ne4 25. Ng3 Nxg3+ 26. hxg3 g6 27. Bd2 Ra8 28. Rab1 Qa2 29. Qh6 Rf7 30. Qh2 Qa7 31. g5 Qc7 32. Qe2 Ra2 33. Nh2 Bf8 34. Ng4 Bg7 35. Ne3 Bxd4 36. cxd4 Nxd4 37. Qd1 Bc6 38. Ng4 Nxc2 39. Nh6+ Kf8 40. Rxc2 d4+ 41. Kg1 Ba4 42. Bb4+ Ke8 43. Qe1 Rxc2 44. Qxe6+ Re7 45. Bxe7 Rg2+ 46. Kh1 Bc6 47. Bf6+ 1-0

[Event "GER-ch 89th"]
[Site "Dresden"]
[Date "2018.08.11"]
[Round "9"]
[White "Fischer, Sebastian"]
[Black "Svane, Frederik"]
[Result "1/2-1/2"]
[WhiteElo "2292"]
[BlackElo "2292"]
[EventDate "2018.08.03"]
[PlyCount "127"]

1. d4 Nf6 2. Nf3 g6 3. Bg5 Bg7 4. c3 O-O 5. Nbd2 d6 6. e4 c5 7. dxc5 dxc5 8. Bc4 Nc6 9. Qe2 Qc7 10. e5 Nh5 11. O-O-O h6 12. Be3 Nxe5 13. Nxe5 Qxe5 14. g4 Nf6 15. f4 Qc7 16. f5 Kh8 17. Bd3 Nd5 18. fxg6 Bxg4 19. Qxg4 Nxe3 20. Qe4 Qe5 21. Rde1 Qxe4 22. Bxe4 Ng4 23. Bxb7 Rab8 24. Be4 f5 25. Bc2 Ne5 26. Rhf1 e6 27. Re2 c4 28. Nf3 Nxf3 29. Rxf3 Rf6 30. Rf4 Rxg6 31. Rxc4 Rg1+ 32. Kd2 Rxb2 33. Ra4 e5 34. Rxa7 e4 35. Ke3 Rf1 36. Rd2 Rf3+ 37. Ke2 Rxc3 38. Bb3 Rxd2+ 39. Kxd2 Rd3+ 40. Ke2 f4 41. Ra8+ Kh7 42. Ra4 f3+ 43. Kf1 Rd2 44. Rxe4 Bd4 45. Rf4 f2 46. Rf3 Kg7 47. h4 h5 48. Rf7+ Kg6 49. Rf3 Bb6 50. Rd3 Rxd3 51. Bc2 Kf5 52. Bxd3+ Kg4 53. a4 Kxh4 54. a5 Bd4 55. Kg2 Kg5 56. a6 Kf4 57. Be2 h4 58. Bf1 Kg4 59. Be2+ Kf4 60. Bf1 Ke3 61. Kh3 Kd2 62. Kxh4 Ke1 63. Bb5 f1=Q 64. Bxf1 1/2-1/2

[Event "GER-ch 89th"]
[Site "Dresden"]
[Date "2018.08.11"]
[Round "9"]
[White "Gaede, Derek"]
[Black "Gschnitzer, Adrian"]
[Result "0-1"]
[WhiteElo "2298"]
[BlackElo "2333"]
[EventDate "2018.08.03"]
[PlyCount "94"]

1. d4 Nf6 2. Nf3 c5 3. d5 b5 4. Bg5 d6 5. Bxf6 exf6 6. e3 a6 7. a4 b4 8. Nbd2 Bb7 9. Nc4 a5 10. g3 g6 11. Bg2 Nd7 12. Nfd2 Nb6 13. e4 Bg7 14. Nxb6 Qxb6 15. Bf1 O-O 16. Bb5 f5 17. Nc4 Qd8 18. Qe2 Qe7 19. O-O-O fxe4 20. Rhe1 Qg5+ 21. Kb1 Bxd5 22. Nb6 Qe5 23. c3 Bb3 24. Rc1 Bh6 25. f4 exf3 26. Qxf3 Qf5+ 27. Qxf5 gxf5 28. Nxa8 Bxc1 29. Kxc1 Rxa8 30. c4 d5 31. Bc6 Rd8 32. cxd5 Kg7 33. Re3 Bc4 34. b3 Bf1 35. Rf3 Bg2 36. Rxf5 Rd6 37. Kd2 Kg6 38. g4 Rf6 39. Kd3 Bf1+ 40. Ke4 Rxf5 41. gxf5+ Kf6 42. Kf4 Bg2 43. Bb7 c4 44. Ke3 cxb3 45. Kd2 Be4 46. Kc1 Bxf5 47. d6 Bd7 0-1

[Event "GER-ch 89th"]
[Site "Dresden"]
[Date "2018.08.11"]
[Round "9"]
[White "Heimrath, Reiner"]
[Black "Kvetny, Mark"]
[Result "0-1"]
[WhiteElo "2200"]
[BlackElo "2421"]
[EventDate "2018.08.03"]
[PlyCount "68"]

1. Nf3 c5 2. g3 Nc6 3. Bg2 g6 4. c4 Bg7 5. Nc3 d6 6. O-O Bf5 7. d3 Qd7 8. Nd5 Nf6 9. e4 Bg4 10. h3 Bxf3 11. Nxf6+ Bxf6 12. Qxf3 O-O 13. Rb1 Bg7 14. a3 b5 15. Qd1 Rab8 16. f4 Rb6 17. f5 bxc4 18. dxc4 Rfb8 19. h4 Bxb2 20. Rxb2 Rxb2 21. Bh3 Ne5 22. h5 R2b3 23. Kh2 Qc6 24. fxg6 hxg6 25. hxg6 fxg6 26. Qd2 Nf3+ 27. Rxf3 Rxf3 28. Be6+ Kf8 29. Qh6+ Ke8 30. Qxg6+ Kd8 31. Bd5 Qe8 32. Qg5 Rbb3 33. Bf4 Rb2+ 34. Kg1 Qh8 0-1

[Event "GER-ch 89th"]
[Site "Dresden"]
[Date "2018.08.11"]
[Round "9"]
[White "Heinert, Eugen"]
[Black "Faerber, David"]
[Result "1/2-1/2"]
[WhiteElo "2146"]
[BlackElo "2321"]
[EventDate "2018.08.03"]
[PlyCount "87"]

1. d4 Nf6 2. Nf3 d5 3. c4 c6 4. Qc2 dxc4 5. e4 b5 6. b3 cxb3 7. axb3 e6 8. Bd2 a5 9. Bd3 Be7 10. O-O h6 11. Nc3 b4 12. Na4 O-O 13. Rac1 Ba6 14. Bxa6 Rxa6 15. Qd3 Qc8 16. Rc2 Qb7 17. Rfc1 Nbd7 18. h3 Rd8 19. Bf4 Rc8 20. Nd2 Raa8 21. Bg3 Nb6 22. Nc5 Bxc5 23. dxc5 Nbd7 24. Bd6 Rd8 25. Ra2 Ne8 26. e5 Nxe5 27. Qg3 Ng6 28. Nc4 Nxd6 29. cxd6 Qb5 30. Rca1 c5 31. Rxa5 Rxa5 32. Rxa5 Qc6 33. Qe3 Rc8 34. g3 Nf8 35. Ra7 Qd5 36. Kh2 Rd8 37. Rc7 Nd7 38. Qf4 Nf6 39. Ne5 Qxd6 40. Rxf7 Rf8 41. Ng6 e5 42. Rxf8+ Qxf8 43. Qxe5 Ng4+ 44. hxg4 1/2-1/2

[Event "GER-ch 89th"]
[Site "Dresden"]
[Date "2018.08.11"]
[Round "9"]
[White "Mueller, Nick"]
[Black "Armbrust, Florian"]
[Result "1/2-1/2"]
[WhiteElo "2313"]
[BlackElo "2300"]
[EventDate "2018.08.03"]
[PlyCount "80"]

1. d4 Nf6 2. c4 g6 3. Nc3 Bg7 4. e4 d6 5. Nf3 O-O 6. Be2 e5 7. Be3 exd4 8. Nxd4 Re8 9. f3 c6 10. Bf2 d5 11. exd5 cxd5 12. O-O Nc6 13. c5 Nxd4 14. Bxd4 Be6 15. Qd2 Nd7 16. Rfd1 Ne5 17. Rac1 Qh4 18. Bf2 Qb4 19. Nxd5 Qxd2 20. Rxd2 Rad8 21. Rcd1 Rxd5 22. Rxd5 Bxd5 23. Rxd5 Nc6 24. Bb5 Bxb2 25. Rd7 a6 26. Ba4 Rb8 27. f4 Nd8 28. g4 Rc8 29. Bb3 Bf6 30. Bd5 Kf8 31. Bb3 Be7 32. f5 gxf5 33. gxf5 Rc6 34. Bd4 Ke8 35. Rd5 Rh6 36. Kg2 Nc6 37. Be3 Rh4 38. Kg3 Re4 39. Kf3 Rh4 40. Kg3 Re4 1/2-1/2

[Event "GER-ch 89th"]
[Site "Dresden"]
[Date "2018.08.11"]
[Round "9"]
[White "Reuker, Jari"]
[Black "Buhmann, Rainer"]
[Result "0-1"]
[WhiteElo "2404"]
[BlackElo "2581"]
[EventDate "2018.08.03"]
[PlyCount "96"]

1. e4 e5 2. Nf3 Nc6 3. Bb5 a6 4. Ba4 Nf6 5. O-O Be7 6. Re1 b5 7. Bb3 d6 8. c3 Na5 9. Bc2 c5 10. d4 exd4 11. cxd4 Bg4 12. Nbd2 Nc6 13. h3 Bh5 14. g4 Bg6 15. d5 Nb4 16. Bb1 c4 17. Nd4 Qb6 18. N2f3 O-O 19. Be3 Qb7 20. Nd2 Rfe8 21. f4 Nfxd5 22. f5 Nxe3 23. Rxe3 Qb6 24. N2f3 Nc6 25. Qd2 Nxd4 26. Nxd4 Bf6 27. Nf3 Bxb2 28. Qxb2 Qxe3+ 29. Kg2 d5 30. exd5 Rad8 31. fxg6 hxg6 32. Qf2 Qc3 33. Ng5 Rd7 34. Be4 Qxa1 35. Qh4 Qb2+ 36. Kg3 Qc3+ 37. Kg2 Qd2+ 38. Kf3 Qc3+ 39. Kg2 Rxe4 40. Qh7+ Kf8 41. Nxe4 Qc2+ 42. Kf3 Qd3+ 43. Kf4 Rxd5 44. Qh8+ Ke7 45. Qxg7 g5+ 46. Nxg5 Rd4+ 47. Ke5 Qe3+ 48. Kf5 Rf4# 0-1

[Event "GER-ch 89th"]
[Site "Dresden"]
[Date "2018.08.11"]
[Round "9"]
[White "Syrov, Arkadi"]
[Black "Proschmann, Tino"]
[Result "0-1"]
[WhiteElo "2295"]
[BlackElo "2092"]
[EventDate "2018.08.03"]
[PlyCount "112"]

1. Nc3 d5 2. d4 Nf6 3. Bg5 Nbd7 4. f3 c6 5. e4 dxe4 6. fxe4 e5 7. dxe5 Qa5 8. Bxf6 gxf6 9. exf6 Ba3 10. bxa3 Qxc3+ 11. Ke2 Nxf6 12. Rb1 Be6 13. Qe1 Bc4+ 14. Kd1 O-O-O+ 15. Bd3 Qxa3 16. Qb4 Qxb4 17. Rxb4 Bxd3 18. cxd3 Rxd3+ 19. Kc2 Ra3 20. e5 Nd5 21. Rb2 Rg8 22. Kb1 Ne3 23. Nf3 Rxg2 24. Rxg2 Nxg2 25. Ng5 Re3 26. Nxf7 Kd7 27. Rg1 Re1+ 28. Rxe1 Nxe1 29. Ng5 h6 30. Nf7 h5 31. Ng5 Nd3 32. h4 Nxe5 33. Ne4 Ng6 34. Ng3 Nxh4 35. Nxh5 Kd6 36. Kc2 Ke5 37. Kd3 Nf5 38. Kc4 b6 39. a4 a6 40. Kb4 a5+ 41. Kc3 Nd6 42. Kb3 Ne4 43. Ng7 Nc5+ 44. Ka3 Ne6 45. Nh5 c5 46. Ng3 Kd4 47. Nf5+ Kd3 48. Nd6 c4 49. Nc8 c3 50. Nxb6 c2 51. Kb2 Nd4 52. Nd5 Kd2 53. Ka2 c1=Q 54. Nc3 Qxc3 55. Kb1 Qb3+ 56. Ka1 Nc2# 0-1

[Event "GER-ch 89th"]
[Site "Dresden"]
[Date "2018.08.11"]
[Round "9"]
[White "Zude, Arno"]
[Black "Colpe, Malte"]
[Result "0-1"]
[WhiteElo "2373"]
[BlackElo "2384"]
[EventDate "2018.08.03"]
[PlyCount "50"]

1. e4 e5 2. Nf3 Nc6 3. Bc4 Bc5 4. c3 Nf6 5. d4 exd4 6. e5 d5 7. Be2 Ne4 8. cxd4 Bb4+ 9. Bd2 Bxd2+ 10. Nbxd2 O-O 11. O-O f6 12. Bb5 Bg4 13. Bxc6 Nxd2 14. Qxd2 bxc6 15. Ne1 fxe5 16. dxe5 Qe7 17. Nd3 Bf5 18. Nb4 Bd7 19. Qd4 Rae8 20. Rac1 Qxe5 21. Qxa7 Qg5 22. Qxc7 Rxf2 23. Rxf2 Qxc1+ 24. Rf1 Qc5+ 25. Kh1 Qf2 0-1